Héléna - Une lettre, une chanson - Statistiques

Statistiques générales
  • Ce quiz a été pris 162 fois
    161 depuis la dernière actualisation
  • Le résultat moyen est 10 sur 12
Statistiques - réponses
Lettres Chansons % Correct
M Maman s'inquiète / Mauvais Garçon / Mélatonine / Mon Piano et moi
99%
A Adieu mon amour / Aimée pour de vrai
92%
G Gentil Garçon
90%
K Karma
88%
B Bonne Maman / Boule au ventre
87%
T Tout a changé (rien n’a changé) / Tout gâcher
87%
C Capuche
86%
P Pieds sur Terre / Piscine
86%
N Nouveau cœur / Nuage
84%
S Summer Body
84%
J Je t’aime (bien)
71%
L Loin de toi (jamais)
71%
Aucun quiz correspondant
Distribution des résultats
% des personnes avec chaque résultat
Percentile par nombre de réponses
Votre historique - résultats
Vous n’avez pas pris ce quiz depuis la dernière actualisation